|
|
|
|
| LEADER |
03618nam a2200793 i 4500 |
| 001 |
nkc20183037291 |
| 003 |
CZ PrNK |
| 005 |
20250626105102.0 |
| 007 |
ta |
| 008 |
180919s2018 xr ac e c 001 0dcze |
| 020 |
|
|
|a 978-80-7035-689-0
|q (vázáno)
|
| 040 |
|
|
|a OLA001
|b cze
|e rda
|
| 041 |
0 |
|
|a cze
|a eng
|b eng
|
| 043 |
|
|
|a e-xr---
|a e-fr---
|
| 044 |
|
|
|a xr
|a fi
|a fr
|
| 045 |
|
|
|a w9x5
|
| 072 |
|
7 |
|a 75
|x Malířství
|2 Konspekt
|9 21
|
| 080 |
|
|
|a 75(437.3)
|2 MRF
|
| 080 |
|
|
|a 741/744(437.3)
|2 MRF
|
| 080 |
|
|
|a 74/76.05
|2 MRF
|
| 080 |
|
|
|a 75.036/.038
|2 MRF
|
| 080 |
|
|
|a 75.038
|2 MRF
|
| 080 |
|
|
|a (437.3)
|2 MRF
|
| 080 |
|
|
|a (44)
|2 MRF
|
| 080 |
|
|
|a (083.824)
|2 MRF
|
| 100 |
1 |
|
|a Kupka, František,
|d 1871-1957
|7 jk01070953
|4 art
|
| 245 |
1 |
0 |
|a František Kupka 1871-1957 /
|c Anna Pravdová, Markéta Theinhardt (eds.)
|
| 246 |
1 |
4 |
|a Kupka
|
| 264 |
|
1 |
|a V Praze :
|b Národní galerie ve spolupráci s Réunion des musées nationaux - Grand Palais a Ateneum Art Museum, Finnish National Gallery,
|c 2018
|
| 300 |
|
|
|a 240 stran :
|b ilustrace (převážně barevné), portréty ;
|c 31 cm
|
| 336 |
|
|
|a text
|b txt
|2 rdacontent
|
| 337 |
|
|
|a bez média
|b n
|2 rdamedia
|
| 338 |
|
|
|a svazek
|b nc
|2 rdacarrier
|
| 500 |
|
|
|a Katalog vychází u příležitosti společného výstavního projektu: Kupka - Pionnier de l'abstraction, Paříž, Galeries nationales du Grand Palais 21. března - 30. července 2018, František Kupka 1871-1957, Praha, Národní galerie v Praze, Valdštejnská jízdárna 7. září 2018 - 20. ledna 2019, František Kupka, Helsinky, Ateneum Art Museum, Finnish National Gallery 21. února - 19. května 2019
|
| 504 |
|
|
|a Obsahuje bibliografii a rejstřík
|
| 546 |
|
|
|a Částečně anglický text, anglické resumé
|
| 600 |
1 |
7 |
|a Kupka, František,
|d 1871-1957
|7 jk01070953
|2 czenas
|
| 648 |
|
4 |
|a 1894-1957
|
| 648 |
|
7 |
|a 19.-20. století
|7 ch757015
|2 czenas
|
| 648 |
|
7 |
|a 20. století
|7 ch460558
|2 czenas
|
| 650 |
0 |
7 |
|a české malířství
|7 ph116864
|y 19.-20. století
|2 czenas
|
| 650 |
0 |
7 |
|a česká kresba
|7 ph116857
|y 19.-20. století
|2 czenas
|
| 650 |
0 |
7 |
|a knižní ilustrace
|7 ph114931
|y 20. století
|2 czenas
|
| 650 |
0 |
7 |
|a moderní malířství
|7 ph122940
|z Česko
|2 czenas
|
| 650 |
0 |
7 |
|a abstraktní malířství
|7 ph118245
|z Česko
|2 czenas
|
| 650 |
0 |
7 |
|a abstraktní malířství
|7 ph118245
|z Francie
|2 czenas
|
| 650 |
0 |
9 |
|a Czech painting
|y 19th-20th centuries
|2 eczenas
|
| 650 |
0 |
9 |
|a Czech drawing
|y 19th-20th centuries
|2 eczenas
|
| 650 |
0 |
9 |
|a illustration of books
|y 20th century
|2 eczenas
|
| 650 |
0 |
9 |
|a modern painting
|z Czechia
|2 eczenas
|
| 650 |
0 |
9 |
|a abstract painting
|z Czechia
|2 eczenas
|
| 650 |
0 |
9 |
|a abstract painting
|z France
|2 eczenas
|
| 655 |
|
7 |
|a katalogy výstav
|7 fd132536
|2 czenas
|
| 655 |
|
9 |
|a exhibition catalogs
|2 eczenas
|
| 700 |
1 |
|
|a Pravdová, Anna,
|d 1973-
|7 jx20090310018
|4 edt
|
| 700 |
1 |
|
|a Theinhardt, Markéta,
|d 1954-
|7 mzk2003175314
|4 edt
|
| 710 |
2 |
|
|a Valdštejnská jízdárna
|7 mzk2007378430
|4 orm
|
| 710 |
2 |
|
|a Suomen taiteen museo Ateneum
|7 kn20030109017
|4 orm
|
| 710 |
2 |
|
|a Galeries nationales du Grand Palais (Francie)
|7 kn20031104016
|4 orm
|
| 910 |
|
|
|a BOA001
|b 4-1414.122
|
| 928 |
9 |
|
|a Národní galerie v Praze
|
| 928 |
9 |
|
|a Réunion des musées nationaux
|
| 928 |
9 |
|
|a Galeries nationales du Grand Palais
|
| 928 |
9 |
|
|a Ateneum Art Museum, Finnish National Gallery
|
| 990 |
|
|
|a BK
|
| 995 |
|
|
|a 11
|
| 991 |
|
|
|b 201810
|c NOV
|
| 996 |
6 |
|
|b 2610754580
|c 4-1414.122
|l MZK
|r Sklad / do 1 hodiny
|n 2
|p p.v.
|w 001686500
|u 000010
|a 1
|e BOA001
|j MZK50
|s P
|
| 996 |
6 |
|
|b 2610762744
|c 4-1414.122
|l MZK
|r HSS 4p
|n 0
|p kup
|h 75/76 KUP
|w 001686500
|u 000020
|a 0
|e BOA001
|j MZK50
|s P
|